A little Book of Language
Gardado en:
| Autor Principal: | |
|---|---|
| Formato: | Unknown |
| Idioma: | inglés |
| Publicado: |
New Heaven, USA:
Yale University Press,
2011
|
| Subjects: | |
| Tags: |
Engadir etiqueta
Sen Etiquetas, Sexa o primeiro en etiquetar este rexistro!
|
MARC
| LEADER | 00000 a2200000 4500 | ||
|---|---|---|---|
| 003 | CL-VaPUC | ||
| 005 | 20220111110054.0 | ||
| 008 | 211228b2011 ||||| |||| 00| 0 eng d | ||
| 999 | |c 434356 |d 434354 | ||
| 020 | |a 978-0300170825 | ||
| 040 | |c Pontificia Universidad Católica de Valparaíso | ||
| 082 | |a 400 CRY 2011 | ||
| 100 | 1 | |a Crystal, David |9 315480 |e author | |
| 245 | 1 | 2 | |a A little Book of Language |
| 260 | |a New Heaven, USA: |b Yale University Press, |c 2011 | ||
| 300 | |a 260 páginas | ||
| 583 | |k Cristina María Rojas Aguilar |c 20211228 | ||
| 650 | 0 | |a Adquisición del lenguaje |9 309032 | |
| 942 | |2 ddc |c BK | ||
| 952 | |0 0 |1 0 |2 ddc |4 0 |6 400_000000000000000_CRY_2011 |7 0 |8 A |9 579890 |a BIBEDU |b BIBEDU |d 2021-12-28 |e 3 |g 17160.00 |i 5631785 |o 400 CRY 2011 |p 5631785 |r 2021-12-28 |t 1 |v 17160.00 |w 2021-12-28 |y BK |k LIT | ||